Sci-Fi's Big Three Quiz Stats

 Plays Quiz Updated Nov 12, 2017

Score 0/21 Timer 03:00
0 Plays Today
Work A, C, or H? % Correct
I, Robot???
81.8%
Foundation???
74.1%
2001: A Space Odyssey???
72.4%
Starship Troopers???
64.3%
Stranger in a Strange Land???
62.3%
The Bicentennial Man???
59.2%
The Moon is a Harsh Mistress???
56.8%
Rendezvous with Rama???
53.5%
Childhood's End???
53.1%
The Caves of Steel???
51.8%
Fantastic Voyage???
50.5%
Work A, C, or H? % Correct
Time Enough for Love???
48.9%
The Last Question???
46.3%
Job: A Comedy of Justice???
45.9%
The Gods Themselves???
45.4%
The Nine Billion Names of God???
41%
The City and the Stars???
40%
Methuselah's Children???
40%
The Fountains of Paradise???
39.7%
Double Star???
35%
The Sands of Mars???
34.3%

You're not logged in!

Compare scores with friends on all Sporcle quizzes.
OR
Log In

You Might Also Like...

Show Comments

Extras

Top Quizzes Today


Score Distribution

Your Account Isn't Verified!

In order to create a playlist on Sporcle, you need to verify the email address you used during registration. Go to your Sporcle Settings to finish the process.

Report this User

Report this user for behavior that violates our Community Guidelines.

Details: